[Event "1. liga - V 17/18, Gordic-Grygov"]
[Site ""]
[Date "2018.02.04"]
[Round "7.7"]
[White "Zigo, Viktor"]
[Black "Zvolanek, Libor"]
[Result "1-0"]
[WhiteElo "2259"]
[BlackElo "2138"]
[PlyCount "0"]
[WhiteTeam "SK Gordic"]
[BlackTeam "Agentura 64 Grygov"]
[EventDate "2017.10.22"]

1. e4 d6 2. d4 Nf6 3. Nc3 g6 4. g3 Bg7 5. Bg2 O-O 6.
Nge2 e5 7. O-O Nc6 8. dxe5 dxe5 9. Bg5 Qxd1 10. Rfxd1 Bg4 11. h3 Bxe2 12. Nxe2
h6 13. Be3 Rfd8 14. c3 a5 15. a4 Bf8 16. Kf1 Nd7 17. Rd5 b6 18. Rad1 Nc5 19.
Bxc5 Bxc5 20. Nc1 Bd6 21. Ke2 Kf8 22. Nb3 Ne7 23. R5d3 Rdb8 24. Nd2 b5 25. axb5
Rxb5 26. Nc4 Nc8 27. Rd5 Rab8 28. Ra1 c6 29. Rxb5 Rxb5 30. Rxa5 Rxa5 31. Nxa5
Na7 32. Nc4 Bc7 33. Kd3 Ke7 34. Bf3 Nc8 35. Bd1 Nb6 36. Na5 Kd7 37. b4 Bd6 38.
Bb3 f6 39. Bf7 g5 40. Bg6 Be7 41. Kc2 Bf8 42. Kb3 Be7 43. c4 c5 44. b5 Bd6 45.
Bf5+ Kc7 46. Be6 Bf8 47. Kc2 Kd6 48. Bg4 Kc7 49. Kd3 Kd6 50. Nb3 Be7 51. Nd2
Bd8 52. Nf1 Ke7 53. Ne3 Kf7 54. Bh5+ Kg7 55. Nf5+ Kh7 56. Bf7 Na4 57. Ke3 Bc7
58. Kf3 Nc3 59. Bd5 Ba5 60. Bc6 Na4 61. Kg4 Nb6 62. Bd5 Be1 63. f4 exf4 64.
gxf4 Bd2 65. fxg5 hxg5 66. Nd6 Kg6 67. Nf5 Nc8 68. Be6 Nb6 69. Ne7+ Kg7 70. Kf5
Bf4 71. h4 Bd6 72. Ng6 gxh4 73. Nxh4 Kf8 74. Bd5 Bf4 75. Ng6+ Kg7 76. Ne7 Bd6
77. Ke6 Bc7 78. Nf5+ Kg6 79. Nd6 Kg5 80. Nb7 Na4 81. Kd7 Bb6 82. Kc6 Kf4 83.
Nd6 Ke5 84. Nc8 Ba5 85. b6 Nxb6 86. Nxb6 Bb4 87. Nd7+ Kd4 88. Nxf6 1-0

[Event "1. liga - V 17/18, Gordic-Grygov"]
[Site ""]
[Date "2018.02.04"]
[Round "7.8"]
[White "Svancara, Petr"]
[Black "Svanda, Pavel"]
[Result "1/2-1/2"]
[WhiteElo "2137"]
[BlackElo "2091"]
[PlyCount "0"]
[WhiteTeam "Agentura 64 Grygov"]
[BlackTeam "SK Gordic"]
[EventDate "2017.10.22"]

1. c4 e6 2. d4 d5 3. Nf3 dxc4 4. Nc3 Nf6 5. Qa4+ c6 6.
Qxc4 b6 7. g3 Bb7 8. Bg2 Nbd7 9. O-O Be7 10. Rd1 O-O 11. Bg5 h6 12. Bxf6 Bxf6
13. Ne4 Qe7 14. Nxf6+ Qxf6 15. Nd2 Qe7 16. Rac1 Rfc8 17. Qb3 Nf6 18. Nc4 Rc7
19. Ne5 Rac8 20. Rd2 c5 21. Bxb7 Rxb7 22. dxc5 Rxc5 23. Rxc5 bxc5 24. Qd3 Qc7
25. Nc4 Rb8 26. b3 Nd5 27. e4 Nb6 28. Ne3 Rc8 29. Nc4 Nxc4 30. Qxc4 Qa5 31. Qe2
Qb4 32. Rd7 a5 33. Qf3 Rf8 34. Kg2 a4 35. Rc7 axb3 36. axb3 Qb6 37. Rd7 Qc6 38.
Ra7 c4 39. bxc4 Qxc4 1/2-1/2